| Tag |
First Indicator |
Second Indicator |
Subfields |
| LEADER |
00000cam a2200000 4500 |
| 001 |
in00000095678 |
| 005 |
20150925085516.0 |
| 008 |
690912s1969 enka b 00110 eng |
| 010 |
|
|
|a 66017266
|
| 020 |
|
|
|a 0080115861
|
| 035 |
|
|
|a (OCoLC)00020696
|
| 035 |
|
|
|9 AAL1895AM
|
| 040 |
|
|
|a DLC
|c DLC
|d TXA
|d UtOrBLW
|
| 041 |
1 |
|
|a eng
|a rus
|
| 049 |
|
|
|a TXAM
|c [853938]
|
| 050 |
0 |
0 |
|a TK4601
|b .L6813 1969
|
| 082 |
0 |
|
|a 621.39/6
|
| 100 |
1 |
|
|a Lozinskiĭ, M. G.
|q (Mikhail Grigorʹevich),
|d 1909-
|
| 240 |
1 |
0 |
|a Promyshlennoe primenenie induktsionnogo nagreva. English
|
| 245 |
1 |
0 |
|a Industrial applications of induction heating /
|c by M. G. Lozinskii.
|
| 250 |
|
|
|a [1st English ed.].
|
| 264 |
|
1 |
|a Oxford,
|a New York :
|b Pergamon Press,
|c [1969]
|
| 264 |
|
4 |
|c [©1969]
|
| 300 |
|
|
|a xviii, 672 pages :
|b illustrations ;
|c 23 cm.
|
| 336 |
|
|
|a text
|b txt
|2 rdacontent
|
| 337 |
|
|
|a unmediated
|b n
|2 rdamedia
|
| 338 |
|
|
|a volume
|b nc
|2 rdacarrier
|
| 500 |
|
|
|a Translation of Promyshlennoe primenenie induktsionnogo nagreva.
|
| 504 |
|
|
|a Bibliography: pages 657-667.
|
| 650 |
|
0 |
|a Induction heating.
|
| 650 |
|
0 |
|a Steel
|x Heat treatment.
|
| 999 |
|
|
|a MARS
|
| 999 |
f |
f |
|s 7a16124d-a24a-3fa9-affc-1d68efd7114c
|i d0dbee5c-8271-3180-b8f8-cc8d2f381001
|t 0
|
| 952 |
f |
f |
|p normal
|a Texas A&M University
|b College Station
|c Sterling C. Evans Library
|d Evans: Library Stacks
|t 0
|e TK4601 .L6813 1969
|h Library of Congress classification
|i unmediated -- volume
|m A14805478077
|
| 998 |
f |
f |
|a TK4601 .L6813 1969
|t 0
|l Evans: Library Stacks
|